000 nam a22 7a 4500
999 _c7376
_d7376
008 170821b xxu||||| |||| 00| 0 eng d
100 _aAmderson T. Neil
_93908
245 _aFreedom from fear
_bovercoming worry & anxiety
260 _aOregon
_bHarvest house publication
_c1996